[Event "Richardson UTD Fall op"]
[Site "Richardson"]
[Date "2014.11.25"]
[Round "7"]
[White "Girish, A Koushnik"]
[Black "Gater, Daniel"]
[Result "1-0"]
[WhiteElo "2412"]
[BlackElo "2101"]
[PlyCount "63"]
[EventDate "2014.11.21"]
[EventType "swiss"]
[EventRounds "9"]
[EventCountry "USA"]
[SourceTitle "CBM 163 Extra"]
[Source "ChessBase"]
[SourceDate "2014.12.23"]
[SourceVersion "1"]
[SourceVersionDate "2014.12.23"]
[SourceQuality "1"]

1. Nf3 Nf6 2. c4 g6 3. g3 Bg7 4. Bg2 0-0 5. 0-0 d6 6. d4 Nc6 7. Nc3 a6 8. a3 Rb8 9. b4 e5 10. d5 Ne7 11. Bb2 Nd7 12. Rc1 f5 13. Ng5 Nb6 14. Qb3 Kh8 15. Ne6 Bxe6 16. dxe6 c6 17. e4 Qc8 18. c5 dxc5 19. bxc5 Na8 20. Rfd1 b6 21. Rd7 bxc5 22. Qc2 Re8 23. Na4 Nc7 24. Nxc5 fxe4 25. Bh3 Nb5 26. a4 Nd4 27. Bxd4 exd4 28. Nxe4 a5 29. Nd6 Qa6 30. Nxe8 Rxe8 31. Qc5 Bf6 32. Bf1 1-0

[Event "Dallas UTD Spring op"]
[Site "Dallas"]
[Date "2014.03.09"]
[Round "2"]
[White "Gater, Daniel"]
[Black "Getz, Alec S"]
[Result "0-1"]
[WhiteElo "2118"]
[BlackElo "2325"]
[PlyCount "80"]
[EventDate "2014.03.08"]
[EventType "swiss"]
[EventRounds "9"]
[EventCountry "USA"]
[SourceTitle "CBM 159 Extra"]
[Source "ChessBase"]
[SourceDate "2014.04.24"]
[SourceVersion "1"]
[SourceVersionDate "2014.04.24"]
[SourceQuality "1"]

1. e4 e5 2. Nf3 Nc6 3. Bb5 a6 4. Ba4 Nf6 5. 0-0 Be7 6. Re1 b5 7. Bb3 d6 8. c3 0-0 9. d4 Bg4 10. d5 Na5 11. Bc2 c6 12. dxc6 Qc7 13. h3 Bc8 14. Nbd2 Qxc6 15. Nf1 Nc4 16. a4 h6 17. b3 Nb6 18. a5 Nbd7 19. Bd2 Nc5 20. Qe2 Be6 21. Rab1 Rfe8 22. g4 Ncxe4 23. Bxe4 Nxe4 24. Nxe5 dxe5 25. Qxe4 Bd5 26. Qd3 Bh1 27. Qg3 Bh4 28. Qh2 Be4 29. Rbc1 f6 30. c4 Qb7 31. Ng3 Bxg3 32. Qxg3 Rad8 33. Bc3 Rd3 34. Re3 bxc4 35. bxc4 Red8 36. Rce1 Qb3 37. Bxe5 fxe5 38. Qh4 Rf8 39. Rxe4 Rxh3 40. Qe7 Qf3 0-1

[Event "Dallas UTD-B"]
[Site "Dallas"]
[Date "2013.11.26"]
[Round "9"]
[White "Gater, Daniel"]
[Black "Labedz, Patrycja"]
[Result "1/2-1/2"]
[WhiteElo "2115"]
[BlackElo "2102"]
[PlyCount "65"]
[EventDate "2013.11.21"]
[EventType "tourn"]
[EventRounds "9"]
[EventCountry "USA"]
[EventCategory "2"]
[SourceTitle "CBM 157 Extra"]
[Source "ChessBase"]
[SourceDate "2013.12.19"]
[SourceVersion "1"]
[SourceVersionDate "2013.12.19"]
[SourceQuality "1"]

1. e4 c5 2. Nf3 Nc6 3. d4 cxd4 4. Nxd4 e5 5. Nb5 d6 6. N1c3 a6 7. Na3 b5 8. Nd5 Nce7 9. c4 Nxd5 10. exd5 bxc4 11. Nxc4 Nf6 12. Be2 Be7 13. Be3 Rb8 14. a4 0-0 15. a5 Bb7 16. Nb6 Nd7 17. 0-0 Nxb6 18. axb6 Bg5 19. Bxg5 Qxg5 20. Bxa6 h6 21. Qb3 Rfc8 22. Rfd1 Bxa6 23. Rxa6 Rb7 24. h3 Rcb8 25. Qb4 Qd8 26. Rc1 Rxb6 27. Rxb6 Rxb6 28. Rc8 Qxc8 29. Qxb6 Qc1+ 30. Kh2 Qf4+ 31. Kg1 Qc1+ 32. Kh2 Qf4+ 33. Kg1 1/2-1/2

[Event "USA tt"]
[Site "ICC INT"]
[Date "2012.09.12"]
[Round "2"]
[White "Gater, Daniel"]
[Black "Pellows, Bennet"]
[Result "0-1"]
[WhiteElo "2134"]
[BlackElo "2084"]
[PlyCount "96"]
[EventDate "2012.09.04"]
[EventType "team-tourn"]
[EventRounds "10"]
[EventCountry "USA"]
[SourceTitle "CBM 150 Extra"]
[Source "ChessBase"]
[SourceDate "2012.10.19"]
[SourceVersion "1"]
[SourceVersionDate "2012.10.19"]
[SourceQuality "1"]
[WhiteTeam "Dallas"]
[BlackTeam "New England"]
[WhiteTeamCountry "USA"]
[BlackTeamCountry "USA"]

1. d4 Nf6 2. c4 e6 3. g3 Bb4+ 4. Bd2 c5 5. Nf3 Qb6 6. Nc3 Nc6 7. Na4 Qa6 8. Bxb4 cxb4 9. c5 b5 10. cxb6 axb6 11. b3 Qa5 12. Bg2 Ba6 13. 0-0 0-0 14. Re1 d5 15. Rc1 Rac8 16. Qd2 Bb5 17. Rc2 Bxa4 18. bxa4 Qxa4 19. Rec1 Ne4 20. Qd3 Nc3 21. Ng5 g6 22. e4 Nxd4 23. Qxd4 Ne2+ 24. Rxe2 Rxc1+ 25. Bf1 Qb5 26. Qd2 Rfc8 27. Re1 Qc5 28. Qf4 Rc7 29. Rxc1 Qxc1 30. Qh4 h5 31. exd5 exd5 32. Nf3 Qc5 33. Bd3 Re7 34. Qf6 Re6 35. Qf4 Qc3 36. Bf1 Rf6 37. Qb8+ Kg7 38. Ne5 Qb2 39. Nd3 Qxa2 40. Qe5 Qc4 41. Nf4 Qc3 42. Qxd5 b3 43. Qe4 Rf5 44. Bd3 b2 45. Bc2 Re5 46. Qd3 Re1+ 47. Kg2 Qxd3 48. Nxd3 b1Q 0-1

[Event "US Open-113"]
[Site "Vancouver"]
[Date "2012.08.11"]
[Round "8"]
[White "Gater, Daniel"]
[Black "Shetty, Atulya"]
[Result "0-1"]
[WhiteElo "2121"]
[BlackElo "2267"]
[PlyCount "64"]
[EventDate "2012.08.04"]
[EventType "swiss"]
[EventRounds "9"]
[EventCountry "USA"]
[SourceTitle "CBM 149 Extra"]
[Source "ChessBase"]
[SourceDate "2012.08.24"]
[SourceVersion "1"]
[SourceVersionDate "2012.08.24"]
[SourceQuality "1"]

1. d4 d5 2. c4 c6 3. Nf3 Nf6 4. e3 a6 5. b3 g6 6. Bd3 Bg7 7. Nc3 0-0 8. h3 Re8 9. Bb2 Nbd7 10. cxd5 cxd5 11. 0-0 e5 12. dxe5 Nxe5 13. Nxe5 Rxe5 14. Ne2 Re8 15. Rc1 Qd6 16. Rc2 Bd7 17. Qa1 Nh5 18. Rd1 Qe7 19. Rc7 Qd8 20. Rc5 Qg5 21. Kh1 Bf8 22. Rc2 Bd6 23. Nd4 Bg4 24. Re1 Qh4 25. Kg1 Bxh3 26. gxh3 Qxh3 27. f3 Re5 28. Rg2 Rg5 29. Bf1 Bg3 30. Ree2 Bh2+ 31. Kh1 Bd6+ 32. Kg1 Qh2+ 0-1

[Event "US Open-113"]
[Site "Vancouver"]
[Date "2012.08.09"]
[Round "6"]
[White "Gater, Daniel"]
[Black "Arganian, David H"]
[Result "1-0"]
[WhiteElo "2121"]
[BlackElo "2088"]
[PlyCount "75"]
[EventDate "2012.08.04"]
[EventType "swiss"]
[EventRounds "9"]
[EventCountry "USA"]
[SourceTitle "CBM 149 Extra"]
[Source "ChessBase"]
[SourceDate "2012.08.24"]
[SourceVersion "1"]
[SourceVersionDate "2012.08.24"]
[SourceQuality "1"]

1. d4 e6 2. c4 b6 3. Nf3 Bb7 4. Nbd2 f5 5. g3 Nf6 6. Bg2 Be7 7. 0-0 0-0 8. Rb1 a5 9. b3 Ne4 10. Bb2 Nxd2 11. Qxd2 Be4 12. Rbc1 Bf6 13. Rfd1 Na6 14. a3 c6 15. b4 axb4 16. axb4 Nc7 17. Ne5 Bxg2 18. Kxg2 b5 19. Qd3 bxc4 20. Qxc4 Bxe5 21. dxe5 Nd5 22. Bd4 Qg5 23. Bc5 Rf7 24. f4 Qh5 25. Ra1 Rxa1 26. Rxa1 g5 27. e3 h6 28. Qf1 Kh7 29. Qf3 Qg6 30. Ra8 Rg7 31. Rd8 Rf7 32. Kh1 Rg7 33. Qe2 Rf7 34. Bf8 g4 35. Bc5 Rg7 36. Qa6 Qf7 37. Rf8 Qh5 38. Qc8 1-0

[Event "US Open-112"]
[Site "Orlando"]
[Date "2011.08.06"]
[Round "8"]
[White "Rogers, Bradley K"]
[Black "Gater, Daniel"]
[Result "1/2-1/2"]
[WhiteElo "2104"]
[BlackElo "2136"]
[PlyCount "90"]
[EventDate "2011.07.30"]
[EventType "swiss"]
[EventRounds "9"]
[EventCountry "USA"]
[SourceTitle "CBM 143 Extra"]
[Source "ChessBase"]
[SourceDate "2011.08.29"]
[SourceVersion "1"]
[SourceVersionDate "2011.08.29"]
[SourceQuality "1"]

1. d4 Nf6 2. Nf3 d5 3. g3 Bf5 4. Bg2 e6 5. 0-0 h6 6. b3 Be7 7. Bb2 0-0 8. Nbd2 c5 9. e3 Nc6 10. a3 Rc8 11. c4 Bh7 12. Rc1 a5 13. Qe2 dxc4 14. Nxc4 b5 15. Nce5 Nxe5 16. Nxe5 Qb6 17. Rfd1 Rfd8 18. dxc5 Bxc5 19. Rxd8+ Rxd8 20. b4 axb4 21. axb4 Bxb4 22. Bd4 Qd6 23. Qxb5 Rb8 24. Qc6 Qf8 25. Ba7 Rd8 26. Qb7 Bd6 27. Nc6 Rd7 28. Qa6 Be4 29. Bd4 Bxg2 30. Kxg2 Nd5 31. Rb1 Qe8 32. e4 Ne7 33. Ne5 Rd8 34. Rc1 Bb8 35. Nf3 Rd6 36. Qa1 Qf8 37. Qb2 Rc6 38. Rb1 Rc8 39. h4 Nc6 40. Bc3 Bd6 41. Rd1 Rb8 42. Qd2 Rd8 43. Qc2 Rc8 44. Qd3 Bc5 45. Rd2 Rd8 1/2-1/2